00465pab a2200157 454500008004000000100001900040245003600059260000900095300001300104362001000117650001000127773003400137909001100171999001900182952010600201180718b2017 xxu||||| |||| 00| 0 eng d aPunwani, Jyoti aWhen even memory of a riot dies c2017 ap.41-45. a2 Dec aRiots aEconomic and Political Weekly a116704 c116698d116698 00104070aIIPAbIIPAd2018-07-19hVolume no: 52, Issue no: 48pAR117164r2018-07-19w2018-07-19yAR